000 01670cam a2200133 4500500
005 20260405085520.0
041 _afre
042 _adc
100 1 0 _aLefranc, Jean
_eauthor
245 0 0 _aComprendre Nietzsche : Une philosophie pour esprits libres
260 _bArmand Colin,
_c2019.
520 _aNietzsche qui se voulait à la fois de son temps et contre son temps, a posé à notre modernité les questions les plus fondamentales et soulevé autant de polémique que d’enthousiasme. Après avoir rappelé les principales difficultés d’interprétation, cet ouvrage s’efforce de faire le point. Dans une première partie, le sens de la tragédie grecque et celui de la sagesse socratique se trouvent renouvelés à partir de la dualité de l’équilibre apollinien et de l’ivresse dionysiaque. Une deuxième partie montre comment une critique généalogique retrouve sous le problème du fondement de la morale, celui, critique, de la valeur des valeurs c’est-à-dire de leur hiérarchie. La célèbre volonté de puissance, si souvent abusivement interprétée, est ici précisée. La troisième partie décrit l’anthropologie de Nietzsche, le développement du «  type de l’homme  » du nihilisme jusqu’à l’homme supérieur et enfin le «  surhomme  » dont l’interprétation a donné lieu à tant de contresens. Reste à affronter dans une dernière partie la pensée de l’éternel retour, la plus mystérieuse, la plus difficile, pleinement accessible seulement au surhomme, ultime approfondissement du dionysisme.
856 4 1 _uhttps://shs.cairn.info/comprendre-nietzsche--9782200627041?lang=fr&redirect-ssocas=7080
999 _c2198207
_d2198207